<?xml version="1.0" encoding="UTF-8"?>
<record
    xmlns:xsi="http://www.w3.org/2001/XMLSchema-instance"
    xsi:schemaLocation="http://www.loc.gov/MARC21/slim http://www.loc.gov/standards/marcxml/schema/MARC21slim.xsd"
    xmlns="http://www.loc.gov/MARC21/slim">

  <leader>01630nam a2200217Ia 4500</leader>
  <controlfield tag="001">b5977-41251 </controlfield>
  <controlfield tag="003">IT-MiCISF</controlfield>
  <controlfield tag="008">161014s9999||||xx |||||||||||||| ||und||</controlfield>
  <datafield tag="040" ind1=" " ind2=" ">
    <subfield code="a">IT-MiCISF</subfield>
    <subfield code="c">IT-MiCISF</subfield>
  </datafield>
  <datafield tag="041" ind1=" " ind2=" ">
    <subfield code="a">it</subfield>
  </datafield>
  <datafield tag="100" ind1=" " ind2=" ">
    <subfield code="a">Di Nicola Giulia Paola</subfield>
  </datafield>
  <datafield tag="245" ind1=" " ind2="0">
    <subfield code="a">Perdono... per dono</subfield>
    <subfield code="b">Quale risorsa per la societ&#xE0; e la famiglia</subfield>
  </datafield>
  <datafield tag="250" ind1=" " ind2=" ">
    <subfield code="a">1a ed.</subfield>
  </datafield>
  <datafield tag="260" ind1=" " ind2=" ">
    <subfield code="b">Effat&#xE0; Editrice</subfield>
    <subfield code="c">2005</subfield>
  </datafield>
  <datafield tag="300" ind1=" " ind2=" ">
    <subfield code="a">pp. 127</subfield>
  </datafield>
  <datafield tag="500" ind1=" " ind2=" ">
    <subfield code="a"> / relazione-di-coppia, amore, societ&#xE0;, rapporti-interpersonali, spiritualit&#xE0;-coniugale / In una societ&#xE0; come quella contemporanea, il termine "perdono" suona come desueto, lontano; ritenere il perdono un valore &#xE8; controcorrente, rispetto alla cultura dominante; chiedere perdono e perdonare sono avvertiti da molti come gesti umilianti o remissivi. Eppure il perdono &#xE8; ancora l'unica scelta coraggiosa in grado di ravvivare una relazione umana compromessa dall'offesa e dall'umiliazione, capace di riunire una famiglia al di l&#xE0; della povert&#xE0; quotidiana, di ridare speranza alla condizione del fallimento e del peccato. Gli autori si rivolgono in modo privilegiato all'esperienza della famiglia, perch&#xE9; &#xE8; in essa che si impara l'alfabeto della comunicazione. Ma dalla famiglia lo sguardo si allarga a tutti i rapporti sociali, alle societ&#xE0; intere, alle relazioni tra i popoli e gli Stati. Si pu&#xF2;, quindi, dire che una famiglia che vive l'esperienza del perdono contribuisce in modo efficace a rinnovare il mondo e a costruire la civilt&#xE0; dell'amore.</subfield>
  </datafield>
  <datafield tag="650" ind1=" " ind2=" ">
    <subfield code="a"> Relazione di coppia / coppia</subfield>
    <subfield code="e">002</subfield>
  </datafield>
  <datafield tag="700" ind1=" " ind2=" ">
    <subfield code="a">Danese Attilio</subfield>
  </datafield>
  <datafield tag="942" ind1=" " ind2=" ">
    <subfield code="c">BK</subfield>
  </datafield>
  <datafield tag="957" ind1=" " ind2=" ">
    <subfield code="7">1</subfield>
  </datafield>
  <datafield tag="999" ind1=" " ind2=" ">
    <subfield code="a">41251</subfield>
    <subfield code="b">si</subfield>
    <subfield code="g">1</subfield>
    <subfield code="c">211111</subfield>
    <subfield code="d">211111</subfield>
  </datafield>
  <datafield tag="952" ind1=" " ind2=" ">
    <subfield code="0">0</subfield>
    <subfield code="1">0</subfield>
    <subfield code="4">0</subfield>
    <subfield code="6">B_597741251</subfield>
    <subfield code="7">1</subfield>
    <subfield code="a">CISF</subfield>
    <subfield code="b">CISF</subfield>
    <subfield code="d">2016-10-14</subfield>
    <subfield code="l">0</subfield>
    <subfield code="o">b5977-41251 </subfield>
    <subfield code="r">2016-10-14 00:00:00</subfield>
    <subfield code="w">2016-10-14</subfield>
    <subfield code="y">BK</subfield>
    <subfield code="z">Data import 15.10.2016 / by Epidotti, Vaglietti</subfield>
  </datafield>
</record>
